When I was young in the mountains / (Record no. 6358)
[ view plain ]
| 000 -LEADER | |
|---|---|
| fixed length control field | 01061pam a2200325 a 4500 |
| 001 - CONTROL NUMBER | |
| control field | 6358 |
| 003 - CONTROL NUMBER IDENTIFIER | |
| control field | FISKH |
| 005 - DATE AND TIME OF LATEST TRANSACTION | |
| control field | 20250424083832.0 |
| 008 - FIXED-LENGTH DATA ELEMENTS--GENERAL INFORMATION | |
| fixed length control field | 810526s1982 nyua j 000 1 eng |
| 010 ## - LIBRARY OF CONGRESS CONTROL NUMBER | |
| LC control number | 81005359 |
| 020 ## - INTERNATIONAL STANDARD BOOK NUMBER | |
| International Standard Book Number | 052542525X (lib. bdg.) : |
| 040 ## - CATALOGING SOURCE | |
| Original cataloging agency | DLC |
| Language of cataloging | eng |
| Transcribing agency | DLC |
| Modifying agency | DLC |
| 050 ## - LIBRARY OF CONGRESS CALL NUMBER | |
| Classification number | PZ7.R982 W |
| 082 ## - DEWEY DECIMAL CLASSIFICATION NUMBER | |
| Classification number | 975.4 |
| 100 1# - MAIN ENTRY--PERSONAL NAME | |
| Personal name | Rylant, Cynthia. |
| 245 10 - TITLE STATEMENT | |
| Title | When I was young in the mountains / |
| Statement of responsibility, etc. | by Cynthia Rylant ; illustrated by Diane Goode. |
| 250 ## - EDITION STATEMENT | |
| Edition statement | First Unicorn Edition 1985. |
| 260 ## - PUBLICATION, DISTRIBUTION, ETC. | |
| Place of publication, distribution, etc. | New York : |
| Name of publisher, distributor, etc. | Puffin Book, |
| Date of publication, distribution, etc. | 1982. |
| 300 ## - PHYSICAL DESCRIPTION | |
| Extent | 32 unnumbered pages : |
| Other physical details | color illustrations ; |
| Dimensions | 26 cm |
| 505 ## - FORMATTED CONTENTS NOTE | |
| Formatted contents note | R<br/> |
| 520 ## - SUMMARY, ETC. | |
| Summary, etc. | Reminiscences of the pleasures of life in the mountains as a child. |
| 521 8# - TARGET AUDIENCE NOTE | |
| Target audience note | 780<br/> |
| Source | Lexile AD <br/> |
| 521 8# - TARGET AUDIENCE NOTE | |
| Target audience note | R<br/> |
| Source | Raz-Plus<br/> |
| 650 #0 - SUBJECT ADDED ENTRY--TOPICAL TERM | |
| Topical term or geographic name entry element | Mountain life |
| Form subdivision | Fiction |
| 651 #0 - SUBJECT ADDED ENTRY--GEOGRAPHIC NAME | |
| Geographic name | United States |
| General subdivision | Social life and customs |
| Chronological subdivision | 20th century |
| Form subdivision | Fiction |
| 700 1# - ADDED ENTRY--PERSONAL NAME | |
| Personal name | Goode, Diane, |
| Relator term | illustrator |
| 906 ## - LOCAL DATA ELEMENT F, LDF (RLIN) | |
| a | 7 |
| b | cbc |
| c | orignew |
| d | 1 |
| e | ocip |
| f | 19 |
| g | y-gencatlg |
| 942 ## - ADDED ENTRY ELEMENTS (KOHA) | |
| Source of classification or shelving scheme | Dewey Decimal Classification |
| Koha item type | Books |
| Suppress in OPAC | No |
| Withdrawn status | Lost status | Source of classification or shelving scheme | Damaged status | Not for loan | Collection | Home library | Current library | Shelving location | Date acquired | Total Checkouts | Full call number | Barcode | Date last seen | Copy number | Price effective from | Koha item type |
|---|---|---|---|---|---|---|---|---|---|---|---|---|---|---|---|---|
| Dewey Decimal Classification | Juvenile Fiction | Footprints International School Library Network Toul Kork Campus | Footprints International School Library Network Toul Kork Campus | TK Primary Library Room(4th Floor), Bookcase 5&6, Shelves 33-56, Orange Books | 04/24/2025 | RYL 975.4 PZ7.R982 W | FISTK02446 | 04/24/2025 | 1 | 04/24/2025 | Books |
